90 DIAS DE POLITICA MONETARIA Y CREDITICIA INDEPENDIENTE /

-д хадгалсан:
Номзүйн дэлгэрэнгүй
Үндсэн зохиолч: Ruiz Durán, Clemente (autor)
Формат: Ном
Цуврал:(Pensamiento Económico ; 1)
Нөхцлүүд:
Шошгууд: Шошго нэмэх
Шошго байхгүй, Энэхүү баримтыг шошголох эхний хүн болох!

MARC

LEADER 00000nam^a2200000^a^4500
001 000224998
005 20250521000000.0
009 20260310104111.151
035 |a 043920 
037 |a Acervo Xavier Clavigero 
082 |a 332. 49972  |b RUI 
100 |a Ruiz Durán, Clemente  |e (autor) 
245 1 0 |a 90 DIAS DE POLITICA MONETARIA Y CREDITICIA INDEPENDIENTE /  |c CLEMENTE RUIZ DURAN 
264 |a Puebla, México :  |b Benemérita Universidad Autónoma de Puebla,  |c 1984 
300 |a 158 p. 
336 |a texto  |b txt  |2 rdacontenido 
337 |a sin mediación  |b n  |2 rdamedio 
338 |a volumen  |b nc  |2 rdasoporte 
440 1 |a (Pensamiento Económico ;  |v 1) 
649 |a XX 
650 |a Finanzas Públicas -  |z México 
650 |a Política Monetaria -  |z México 
650 |a Política Monetaria 
650 |a Economía -  |z México 
910 |a Fondo General 
920 |a Impresos - Libros 
930 |a Colección General 
905 |a 101 
901 |a 043920  |b IT1  |c ACC  |i 043920  |u 20250521 
902 |a https://opac.biblio.iteso.mx/vufind/Record/000224998